00667nam a2200181Ia 4500001000600000003000500006008004100011010001100052040000900063100003800072245014800110260004100258300001900299502007900318650003500397650002900432650002400461Z_551CHAP220113s1976 xx 000 0 und d a163661 cCHAP aMorales Gordillo, Víctor Manuel aEvaluación biológica de cinco variedades de frijol (Phaseolus vulgaris sp.) producidas en México /cpor Víctor Manuel Morales Gordillo aChapingo, Méx. :bEl autor,c1976 a35 h. apénd. aTesis (Ing. Agrónomo Esp. en Zootecnia) -- ENA. Departamento de Zootcnia aAves de corralxAlimentación aFrijolxValor nutritivo  aFrijolxVariedades